000 01372cab a22002535a 4500
001 L144884
008 080815s2008 xxk f 000 0 eng d
035 _a(Sirsi) u144884
041 0 _aeng
100 1 _aRedman, Michael
245 0 0 _aNotifying qualifying persons of compulsory purchase
260 _c2008
490 _aJournal of Planning and Environment Law
_v(6) 2008, 755-759(5)
520 _aDiscusses recent reforms of compulsory purchase law, in particular the requirements to serve notice to those affected by compulsory purchase proceedings. Suggests that the advice on advising those affected is vague in nature and that individuals who may be affected can be missed out. Closes by saying that a widening of the class of persons to be served would be welcomed, but that the government is currently opting for piecemeal reform and this seems unlikely in the short term.
650 2 4 _aLAND COMPENSATION ACT 1973
650 2 4 _aPLANNING AND COMPULSORY PURCHASE ACT 2004
650 2 4 _aACQUISITION OF LAND ACT 1981
650 2 4 _aARGYLE MOTORS (BIRKENHEAD) LTD V BIRKENHEAD CORP
650 2 4 _aCOMPULSORY PURCHASE ACT 1965
650 2 4 _aGRIMLEY V MINISTER OF HOUSING AND LOCAL GOVERNMENT
651 4 _aEngland and Wales
_y1543-
690 _aENVIRONMENTAL AND LAND CONSULTANCY-PLANNING AND DEVELOPMENT-COMPULSORY PURCHASE AND COMPENSATION
942 _n0
999 _c80626
_d80626